000 00655cab a2200229 4500
001 ABS58410
008 090401t1998 xxu||||| |||| 00| 0 eng d
035 _a(Sirsi) u85218
041 _aeng
100 _aJames, P.
245 _aAnd good riddance...
260 _c1998
350 _a0
490 _aEstates Gazette
_v(9811) 14 March 1998, 172-173(2)
520 _aDiscusses the legal options available to people trying to remove squatters from commercial premises.
650 _aPROPERTY-COMMERCIAL PROPERTY
650 _aREPOSSESSION
650 _aSQUATTERS
690 _aPROPERTY-COMMERCIAL PROPERTY
942 _n0
948 _c26/03/1998
999 _c53563
_d53563